| 000 | 01013nas a2200325 4500 | ||
|---|---|---|---|
| 001 | BR2018001982 | ||
| 003 | BR-BrBNA | ||
| 005 | 20231205131418.0 | ||
| 007 | ta | ||
| 008 | 230509b bl.|||p| |||| 00| 00por d | ||
| 040 |
_aBR-BrBNA _bpor _cBiblioteca Nacional de Agricultura |
||
| 041 | _a(En) | ||
| 072 | _aF04; F08 | ||
| 100 | 1 | _aKrenchinski, F.H. | |
| 100 | 1 | _aCesco, V.J. | |
| 100 | 1 | _aRodrigues, D.M. | |
| 100 | 1 | _aAlbrecht, L.P. | |
| 100 | 1 | _aWobeto, K.S. | |
| 100 | 1 | _aAlbrecht, A.J.P. | |
| 245 | 1 | _aAgronomic performance of soybean grown in succession to winter cover crops | |
| 650 | _aSOJA | ||
| 650 | _aPLANTIO DIRETO | ||
| 650 | _aADUBO VERDE | ||
| 650 | _aCOBERTURA DO SOLO | ||
| 650 | _aPRODUTIVIDADE | ||
| 773 | 0 |
_tPesquisa Agropecuária Brasileira (Brazil) _xISSN 1678-3921 _g(Aug 2018), v. 53(8) p. 909-917 _wBR2018001982 |
|
| 856 | 4 | 0 | _uhttp://seer.sct.embrapa.br/index.php/pab/article/view/25997/14269 |
| 909 |
_a202311 _bLúcia _c55 _dLúcia Elande |
||
| 942 |
_2AGRIS _n0 _cANA |
||
| 999 |
_c254665 _d254665 |
||